Central Library OPAC University of Rajshahi

Standard costing / (Record no. 15039)

MARC details
000 -LEADER
fixed length control field 00836cam a2200277 i 4500
001 - CONTROL NUMBER
control field 15039
003 - CONTROL NUMBER IDENTIFIER
rucl marc code BD-RjUL
005 - DATE AND TIME OF LATEST TRANSACTION
control field 20211208235734.0
008 - FIXED-LENGTH DATA ELEMENTS--GENERAL INFORMATION
fixed length control field 140209s1973 enkak b 001 0 eng d
020 ## - INTERNATIONAL STANDARD BOOK NUMBER
International Standard Book Number 071211923X
035 ## - SYSTEM CONTROL NUMBER
System control number (BD-RjUL)15093
040 ## - CATALOGING SOURCE
Original cataloging agency DLC
Transcribing agency DLC
Modifying agency DLC
-- BD-RjUL
Language of cataloging eng
041 ## - LANGUAGE CODE
Language code of text/sound track or separate title eng
082 00 - DEWEY DECIMAL CLASSIFICATION NUMBER
Classification number 658.1552
Author mark and year BAS 1973
100 1# - MAIN ENTRY--PERSONAL NAME
Personal name Batty, J.
Fuller form of name (Joseph),
Dates associated with a name 1929-
9 (RLIN) 46821
245 10 - TITLE STATEMENT
Title Standard costing /
Statement of responsibility, etc. by J. Batty.
250 ## - EDITION STATEMENT
Edition statement 3rd ed., E.L.B.S. ed.
260 ## - PUBLICATION, DISTRIBUTION, ETC. (IMPRINT)
Place of publication, distribution, etc. London :
Name of publisher, distributor, etc. English Language Book Society,,
Date of publication, distribution, etc. 1970 [Reprinted 1973].
300 ## - PHYSICAL DESCRIPTION
Pagination xii, 364 p. :
Illustrations ill. ;
Size 23 cm.
504 ## - BIBLIOGRAPHY, ETC. NOTE
Bibliography, etc Includes bibliographical references and index.
650 #0 - SUBJECT ADDED ENTRY--TOPICAL TERM
Topical term or geographic name as entry element Cost Control.
9 (RLIN) 46822
Topical term or geographic name as entry element Standard cost accounting.
9 (RLIN) 9077
942 ## - ADDED ENTRY ELEMENTS (KOHA)
Source of classification or shelving scheme Dewey Decimal Classification
Koha item type Books
Holdings
Lost status Source of classification or shelving scheme Damaged status Not for loan Collection code Permanent Location Current Location Shelving location Date acquired Source of acquisition Cost, normal purchase price Total Checkouts Full call number Date last seen Copy number Koha item type
  Dewey Decimal Classification     Non-fiction Central Library, University of Rajshahi Central Library, University of Rajshahi   14/05/1977 Heffer and Sons 3.00   658.1552 BAS 1975 09/02/2014 C-5 Books
  Dewey Decimal Classification     Non-fiction Central Library, University of Rajshahi Central Library, University of Rajshahi   09/01/1975 Johnathan Wren & co., London 0.50   658.1552 BAS 1973 09/02/2014 C-4 Books
  Dewey Decimal Classification     Non-fiction Central Library, University of Rajshahi Central Library, University of Rajshahi   09/01/1975 jonathan wren & Co. London 0.00   658.1552 BAS 1973 30/03/2019 C-3 Books
  Dewey Decimal Classification   Not For Loan Non-fiction Central Library, University of Rajshahi Central Library, University of Rajshahi Reading Room 09/01/1975 jonathan wren & Co. London     658.1552 BAS 1973 03/04/2019 C-1 Books
  Dewey Decimal Classification     Non-fiction Central Library, University of Rajshahi Central Library, University of Rajshahi   09/01/1975 jonathan wren & Co. London     658.1552 BAS 1973 03/04/2019 C-2 Books